000 00442pab a2200169 454500
008 180718b2011 xxu||||| |||| 00| 0 eng d
100 _aBarro, Robert J.
245 _aMacroeconomic effects from government purchases and taxes
260 _c2011
300 _ap.51-102.
362 _aFeb
650 _aGovernment purchasing
700 _aRedlick, Charles J.
773 _aQuarterly Journal of Economics
908 _aN
909 _a92150
999 _c92150
_d92150